00336nam a2200121Ia 4500008004100000041000800041082001500049100002100064245005300085260004000138300001900178999001700197241015s9999 xx 000 0 und d aeng a302.35 CUM aCummings/ Worley aOrganization Development And Change With Mindtap bCengage Learning IndiaaDehlic2019 a714;. P. 25 cm c41802d41802